<?xml version="1.0" encoding="UTF-8"?>
<record
    xmlns:xsi="http://www.w3.org/2001/XMLSchema-instance"
    xsi:schemaLocation="http://www.loc.gov/MARC21/slim http://www.loc.gov/standards/marcxml/schema/MARC21slim.xsd"
    xmlns="http://www.loc.gov/MARC21/slim">

  <leader>02530nam a2200481Ii 4500</leader>
  <controlfield tag="001">105485</controlfield>
  <controlfield tag="003">FINmELB</controlfield>
  <controlfield tag="005">20241217173616.0</controlfield>
  <controlfield tag="006">m     o  d |      </controlfield>
  <controlfield tag="007">cr cnu||||||||</controlfield>
  <controlfield tag="008">231009s2017    sp a    ob    000|0 spa d</controlfield>
  <datafield tag="020" ind1=" " ind2=" ">
    <subfield code="a">9788400102500</subfield>
    <subfield code="q">ebook</subfield>
    <subfield code="q">CSIC</subfield>
  </datafield>
  <datafield tag="020" ind1=" " ind2=" ">
    <subfield code="z">9788490973585</subfield>
    <subfield code="q">Catarata</subfield>
  </datafield>
  <datafield tag="020" ind1=" " ind2=" ">
    <subfield code="z">9788400102494</subfield>
    <subfield code="q">CSIC</subfield>
  </datafield>
  <datafield tag="020" ind1=" " ind2=" ">
    <subfield code="a">9788490973592</subfield>
    <subfield code="q">ebook</subfield>
    <subfield code="q">Catarata</subfield>
  </datafield>
  <datafield tag="035" ind1=" " ind2=" ">
    <subfield code="a">(OCoLC)1105465004</subfield>
  </datafield>
  <datafield tag="040" ind1=" " ind2=" ">
    <subfield code="a">FINmELB</subfield>
    <subfield code="b">spa</subfield>
    <subfield code="e">rda</subfield>
    <subfield code="c">FINmELB</subfield>
  </datafield>
  <datafield tag="050" ind1="1" ind2="4">
    <subfield code="a">QC358.5</subfield>
    <subfield code="b">L466 2017</subfield>
  </datafield>
  <datafield tag="080" ind1=" " ind2=" ">
    <subfield code="a">628.9</subfield>
  </datafield>
  <datafield tag="080" ind1=" " ind2=" ">
    <subfield code="a">535</subfield>
  </datafield>
  <datafield tag="082" ind1="1" ind2="4">
    <subfield code="a">535</subfield>
    <subfield code="2">23</subfield>
  </datafield>
  <datafield tag="100" ind1="1" ind2=" ">
    <subfield code="a">Le&#xF3;n, Manuel de,</subfield>
    <subfield code="d">1953-</subfield>
    <subfield code="e">autor.</subfield>
  </datafield>
  <datafield tag="245" ind1="1" ind2="4">
    <subfield code="a">Las matem&#xE1;ticas de la luz /</subfield>
    <subfield code="c">Manuel de Le&#xF3;n y &#xC1;gata Tim&#xF3;n.</subfield>
  </datafield>
  <datafield tag="264" ind1=" " ind2="1">
    <subfield code="a">Madrid :</subfield>
    <subfield code="b">CSIC :</subfield>
    <subfield code="b">Los Libros de la Catarata,</subfield>
    <subfield code="c">[2017]</subfield>
  </datafield>
  <datafield tag="300" ind1=" " ind2=" ">
    <subfield code="a">1 recurso en l&#xED;nea :</subfield>
    <subfield code="b">ilustraciones</subfield>
  </datafield>
  <datafield tag="336" ind1=" " ind2=" ">
    <subfield code="a">texto</subfield>
    <subfield code="b">txt</subfield>
    <subfield code="2">rdacontent/spa</subfield>
  </datafield>
  <datafield tag="337" ind1=" " ind2=" ">
    <subfield code="a">computadora</subfield>
    <subfield code="b">c</subfield>
    <subfield code="2">rdamedia/spa</subfield>
  </datafield>
  <datafield tag="338" ind1=" " ind2=" ">
    <subfield code="a">recurso en l&#xED;nea</subfield>
    <subfield code="b">cr</subfield>
    <subfield code="2">rdacarrier/spa</subfield>
  </datafield>
  <datafield tag="490" ind1="1" ind2=" ">
    <subfield code="a">Colecci&#xF3;n &#xBF;Qu&#xE9; sabemos de? ;</subfield>
    <subfield code="v">88</subfield>
  </datafield>
  <datafield tag="504" ind1=" " ind2=" ">
    <subfield code="a">Incluye referencias bibliogr&#xE1;ficas.</subfield>
  </datafield>
  <datafield tag="520" ind1=" " ind2=" ">
    <subfield code="a">Pocas cosas hay en nuestro universo m&#xE1;s fascinantes que la luz. La naturaleza de la luz y de la visi&#xF3;n ha sido siempre uno de los temas m&#xE1;s apasionantes en la historia de la humanidad. La luz es adem&#xE1;s uno de los principales motores del desarrollo tecnol&#xF3;gico en el siglo XXI: con solo mirar a nuestro alrededor podemos darnos cuenta de este hecho en campos como la medicina las comunicaciones o el negocio del entretenimiento y la cultura. Este libro trata de hacer un recorrido hist&#xF3;rico de c&#xF3;mo las matem&#xE1;ticas (y muy especialmente la geometr&#xED;a) han estado siempre detr&#xE1;s de las diferentes teor&#xED;as que la humanidad ha desarrollado para entender no solo lo que es la luz sino tambi&#xE9;n c&#xF3;mo se produce la visi&#xF3;n.</subfield>
  </datafield>
  <datafield tag="588" ind1=" " ind2=" ">
    <subfield code="a">Descripci&#xF3;n basada en metadatos suministrados por el editor y otras fuentes.</subfield>
  </datafield>
  <datafield tag="590" ind1=" " ind2=" ">
    <subfield code="a">Recurso electr&#xF3;nico. Santa Fe, Arg.: elibro, 2023. Disponible v&#xED;a World Wide Web. El acceso puede estar limitado para las bibliotecas afiliadas a elibro.</subfield>
  </datafield>
  <datafield tag="650" ind1=" " ind2="4">
    <subfield code="a">Luz.</subfield>
  </datafield>
  <datafield tag="650" ind1=" " ind2="4">
    <subfield code="a">Color.</subfield>
  </datafield>
  <datafield tag="650" ind1=" " ind2="4">
    <subfield code="a">&#xF3;ptica.</subfield>
  </datafield>
  <datafield tag="655" ind1=" " ind2="4">
    <subfield code="a">Libros electr&#xF3;nicos.</subfield>
  </datafield>
  <datafield tag="700" ind1="1" ind2=" ">
    <subfield code="a">Tim&#xF3;n, &#xC1;gata,</subfield>
    <subfield code="e">autor.</subfield>
  </datafield>
  <datafield tag="776" ind1="0" ind2="8">
    <subfield code="i">Versi&#xF3;n impresa:</subfield>
    <subfield code="a">Le&#xF3;n, Manuel de, 1953-</subfield>
    <subfield code="t">Matem&#xE1;ticas de la luz.</subfield>
    <subfield code="d">Madrid : CSIC : Los Libros de la Catarata, [2017]</subfield>
    <subfield code="z">9788400102494</subfield>
  </datafield>
  <datafield tag="797" ind1="2" ind2=" ">
    <subfield code="a">elibro, Corp.</subfield>
  </datafield>
  <datafield tag="830" ind1=" " ind2="0">
    <subfield code="a">&#xBF;Qu&#xE9; sabemos de? ;</subfield>
    <subfield code="v">88.</subfield>
  </datafield>
  <datafield tag="856" ind1="4" ind2="0">
    <subfield code="u">https://elibro.net/ereader/politecnicointernacional/234096</subfield>
  </datafield>
  <datafield tag="999" ind1=" " ind2=" ">
    <subfield code="c">105485</subfield>
    <subfield code="d">105485</subfield>
  </datafield>
</record>
